000 00383nam a2200145Ia 4500
008 191201s1995 xx 000 0 und d
082 _a677.02862
_bGOT
100 _aGOSWAMI, B C
245 0 _aTextile Yarns: Technology, Structure and Application
250 _a1st
260 _aN.Delhi
_bMahajan Book Distributors
_c1995
300 _a482
650 _aB.Tech(TE)
942 _2ddc
_cBK
999 _c2578
_d2578